Memòria interna de les activitats de l' Arxiu Nacional de Catalunya ...
Descripción Física:
v. ; 29 cm
Materias:
Arxiu Nacional de Catalunya -- Memòries
MARC
| LEADER | 00000nam a2200000Ia 4500 | ||
|---|---|---|---|
| 001 | 11150, 11151, 11152, 11481, 11755, 12064, 12330, 12737, 13066, 14655, 15827, 16633, 18582, 19575 | ||
| 008 | 160829s1992 - xx 000 0 cat d | ||
| 080 | |a A-1-72, A-1-73, A-1-75, A-1-76, A-1-89, A-1-91, A-1-92, A-1-94, A-2-97, A-2-157, A-2-201, A-2-221, A-2-278, A-2-303 | ||
| 110 | 2 | |a Arxiu Nacional de Catalunya |9 55117 | |
| 245 | |a Memòria interna de les activitats de l' Arxiu Nacional de Catalunya ... | ||
| 260 | |a Sant Cugat del Vallès : |b Arxiu Nacional de Catalunya, |c 1992 - | ||
| 300 | |a v. ; |c 29 cm | ||
| 650 | |a Arxiu Nacional de Catalunya |x Memòries |9 21072 | ||
| 710 | 1 | |a Catalunya. |b Direcció General del Patrimoni Cultural |9 51361 | |
| 866 | |a 1992, 1993, 1994, 1995, 1996, 1997, 1998, 1999, 2000, 2001, 2002, 2003, 2005, 2006 | ||
| 901 | |a Arxiu | ||
| 942 | |n 1 | ||
| 952 | |0 0 |1 0 |4 0 |6 A172_A173_A175_A176_A189_A191_A192_A194_A297_A2157_A2201_A2221_A2278_A2303 |7 1 |9 41789 |a Arxiu |b Arxiu |d 2016-12-01 |l 0 |o A-1-72, A-1-73, A-1-75, A-1-76, A-1-89, A-1-91, A-1-92, A-1-94, A-2-97, A-2-157, A-2-201, A-2-221, A-2-278, A-2-303 |p 11150, 11151, 11152, |r 2016-12-01 00:00:00 |w 2016-12-01 |y ARXIU | ||
| 999 | |c 43680 |d 43680 | ||